REPORT OF THE EDUCATION COMMISSION 1964-1966 (Record no. 19989)
[ view plain ]
| 000 -LEADER | |
|---|---|
| fixed length control field | 00253nam a22001217a 4500 |
| 003 - CONTROL NUMBER IDENTIFIER | |
| control field | SGT |
| 082 ## - DEWEY DECIMAL CLASSIFICATION NUMBER | |
| Item number | MEG |
| 100 ## - MAIN ENTRY--PERSONAL NAME | |
| Personal name | MEGI |
| 245 ## - TITLE STATEMENT | |
| Title | REPORT OF THE EDUCATION COMMISSION 1964-1966 |
| 260 ## - PUBLICATION, DISTRIBUTION, ETC. (IMPRINT) | |
| Place of publication, distribution, etc | INDIA |
| Name of publisher, distributor, etc | MAGI |
| Year of Publication | 1988 |
| 300 ## - PAGE DESCRIPTION | |
| No. of Pages | 673 |
| 942 ## - ADDED ENTRY ELEMENTS (KOHA) | |
| Source of classification or shelving scheme | Dewey Decimal Classification |
| Koha item type | Books |
| Withdrawn status | Lost status | Source of classification or shelving scheme | Damaged status | Not for loan | Collection code | Home library | Current library | Date acquired | SGTU | Full call number | Accession No. (Barcode) | Date last seen | Bill Date | Koha item type |
|---|---|---|---|---|---|---|---|---|---|---|---|---|---|---|
| Dewey Decimal Classification | EDUCATION | SGT Engineering Library | SGT Engineering Library | 06/05/2020 | SGTU | MEG | ED4741 | 06/05/2020 | 06/05/2020 | Books | ||||
| Dewey Decimal Classification | EDUCATION | SGT Engineering Library | SGT Engineering Library | 06/05/2020 | SGTU | MEG | ED4742 | 06/05/2020 | 06/05/2020 | Books |